00783nam a2200217 a 450000100100000000500170001000800410002702000150006804000250008308200160010810000290012424500820015325000110023526000410024630000260028750000320031350400740034504900090041995201200042899900170054800002285120200930021833.0101119s1981 mx r 001 0 spa d a9682302773 aDO-SdBNPbspacBNPHU axxxxbM741h1 aMondolfo, Rodolfo94696210aHeráclito :bTextos y problemas de su interpretación /cRodolfo Mondolfo. a6a ed. aMéxico, D. F. :bSiglo XXI,c1981. axii, 394 p. ;c21 cm. aIncluye índice de textos. aIncluye referencias bibliográficas y notas al pie de las páginas. aBNGR 001054708MOaGRbGRcCTd2010-11-19iLF1l0oxxxx M741hp22851-10r2020-06-25w2020-06-25y4ZPréstamo en sala c22348d22348